Yiğidim aslanım Silivri'de yatıyor (Record no. 284)

MARC details
000 -BAŞLIK
Sabit Uzunlukta Kontrol Alanı 00691na a2200229 4500
001 - KONTROL NUMARASI
Denetim Alanı 22109
003 - KONTROL NUMARASI IDENTIFIER
Denetim Alanı MIRAKIL
005 - SON İŞLEM TARİHİ VE ZAMANI
Denetim Alanı 20181213154741.0
008 - SABİT-BOY VERİ ELEMANLARI - GENEL BİLGİLER
Sabit Uzunlukta Kontrol Alanı 170210b tu 000 0
040 ## - KATALOGLAMA KAYNAK
Orijinal Kataloglama Ajansı Milas
Kataloglama Dili tur
Metne Dönüştürmek Ajansı TR-AnCHP
041 ## - DİL KODU
Metin / Ses Parça Veya Ayrı Başlığın Dil Kodu tur
082 ## - DEWEY ONLU SINIFLANDIRMA NUMARASI
Sınıflandırma Numarası CHP 920.7 Özkan,T.
Ürün Numarası T85y [2012]
090 ## - SINIFLAMA NUMARASI
Sınıflama Numarası CHP 920.7 Özkan,T. T85y [2012]
100 ## - ANA GİRİŞ - KİŞİSEL İSİM
Kişisel Ad Tunç, Cenk
245 ## - BAŞLIK TABLOSU
Başlık Yiğidim aslanım Silivri'de yatıyor
Sorumluluk Tablosu, Vb Cenk Tunç
260 ## - YAYIN, DAĞITIM, VB
Yayın, Dağıtım, Vb Yeri [y.y.]
Yayıncı, Dağıtıcı, Vs Adı [yayl.y.]
Yayın, Dağıtım, Vb Tarihi [2012]
300 ## - FİZİKSEL TANIM
Kapsam 82 s.
Diğer Fiziksel Ayrıntıları res.
Boyutlar 21 sm.
600 ## - KONU KATMA GİRİŞ - KURUMSAL ADI
Kişisel Ad Özkan, Tuncay
Genel Alt Bölümü Siyasal ve sosyal görüşler
610 ## - KONU KATMA GİRİŞ - TOPLANTI ADI
Giriş Elemanı Olarak Kurumsal Ad Veya Yargı Alanı Adı Cumhuriyet Halk Partisi (CHP)
Genel Alt Bölüm Milletvekilleri
650 ## - KONU KATMA GİRİŞ - TOPİKAL DÖNEM
Topikal Süreli Veya Coğrafi Ad Giriş Elemanı Gazeteciler
Genel Alt Bölümü Siyasal yaşam
942 ## - EKLENDİ GİRİŞ ELEMANLARI (KOHA)
Sınıflandırma Veya Raf Düzeni Kaynak
Koha Öğesi Türü Books
999 ## - SİSTEM KONTROL NUMARALARI (KOHA)
Koha Biblionumber 284
Koha Biblioitemnumber 284
Holdings
Kalıcı Konum Mevcut Konum Edinme Tarihi Edinim Kaynak Toplam Check-Out'Lar Tam Çağrı Numarası Barkod Tarih Son Görülme İtibaren Geçerli Fiyatlar Koha Öğesi Türü
CHP Kütüphanesi CHP Kütüphanesi 02/10/2017 Bağış   CHP 920.7 Özkan,T. T85y [2012] 012979 02/10/2017 02/10/2017 Books